000 01738nam0a2200397 4500
001 RU\NLR\bibl\316565
005 20250621141745.0
010 _a5-7107-5789-6
_930000
021 _aRU
_b2002-31372
_91555
035 _a(NLR Aleph) 000311647
090 _a41413
_c41413
100 _a20021008d2002 |||y0rusy50 ca
101 0 _arus
102 _aRU
105 _aa |||||||||
200 1 _aГраждановедение
_eРабочая тетр. к учеб. Я.В. Соколова "Граждановедение"
_e5 кл.
_fА.Б. Драхлер
205 _a4-е изд., стер.
210 _aМ.
_cДрофа
_d2002
215 _a92, [1] с.
_cил.
_d22
604 _1700#1$aСоколов$bЯ. В.$gЯков Владимирович$4070
_150010$aГраждановедение: 5 кл.$2psbo
_aСоколов, Яков Владимирович
_tГраждановедение: 5 кл.
606 0 _aОбществоведение
_jРуководства, пособия и т.п. для средней школы
_91764031
_3RU\NLR\auth\66791493
606 0 _aОбществоведение
_jУчебные издания для средней школы
_91764031
_3RU\NLR\auth\66791493
610 0 _aГраждановедение - Самостоятельная работа учащихся
675 _a373.167.1:316.3
_v3
_zrus
675 _a3(075.3)
_v3
_zrus
686 _a14.25
_2rugasnti
686 _a60. я721
_2rubbk
686 _aС.я72
700 1 _aДрахлер
_bА. Б.
_gАлександр Борисович
_4070
801 0 _aRU
_bRKP
_c20021008
_gPSBO
801 1 _aRU
_bRKP
_c20021008
801 2 _aRU
_bNLR
_c20021121
_grcr
942 _cBOOK
980 _aNB